Missing Words: Dead Movies A-Z Quiz Stats

Quiz Updated Mar 21, 2018

Challenge
Share
Tweet
Embed
Score 0/23 Timer 03:00
0 Plays Today
Movie Word % Correct
Death ___ a SalesmanOf
96.3%
A Matter of ___ and DeathLife
95.2%
Death ___ HerBecomes
95%
I Love ___ to DeathYou
92.5%
___ Holmes Faces DeathSherlock
86.7%
Death on the ___Nile
84.6%
Love and Death on Long ___Island
83%
Death at a ___Funeral
77.2%
Death ___Wish
73.7%
Death ___ a HolidayTakes
69.7%
Death ___ 2000Race
62.2%
Death Rides a ___Horse
60.9%
Movie Word % Correct
Death in ___Venice
56.8%
___ of DeathKiss
49%
The Death and Life of Bobby ___Z
47.5%
Death ___ ActsDefying
44.6%
The Woman in Black: ___ of DeathAngel
41.5%
The ___ of the Red DeathMasque
33%
Mako: The ___ of DeathJaws
31.6%
___ of DeathGame
24%
Death ___Proof
20.3%
___ DeathUntil
19.6%
The Life and Death of ___ BlimpColonel
18.5%

Today's Daily Dose

Word Ladder
Antonym Clues II

Quick Pick
Movies of 2014

On This Day
April 24th II

You're not logged in!

Compare scores with friends on all Sporcle quizzes.
Sign Up with Email
OR
Log In

You Might Also Like...

Show Comments

Extras

Top Quizzes Today


Score Distribution

Your Account Isn't Verified!

In order to create a playlist on Sporcle, you need to verify the email address you used during registration. Go to your Sporcle Settings to finish the process.

Report this User

Report this user for behavior that violates our Community Guidelines.

Details: